00851nam a2200217 a 450000500170000000800410001702000180005804000270007604100080010304400070011108200190011810000350013724501150017225000230028726000870031030000340039750000370043165000540046865000600052265100510058220181212091435.0181212s2018 ck ||||r|||| 00| e spa d a9789587591507 aCO-BoIAVH cCO-BoIAVH 0 aspa ack04a325.3861bV15c1 aValencia Llano, Albeiroeautor00aColonización antiqueña y vida cotidiana: construcción de la región caldense / bAlbeiro Valencia Llano aEdición ampliada aManizales (Colombia) : bUniversidad de Caldas : bBanco de la República,c2018. a450 páginas ; c21 x 14 cm. aIncluye glodsario de términos.26aCambio socialzAntioquia (Departamento, Colombia)26aDesarrollo regionalzAntioquia (Departamento, Colombia)26aAntioquia (Colombia)xColonizaciónxHistoria